LEADER 01489nam0 22003373i 450 001 SBL0125374 005 20231121125815.0 100 $a20121108e19701796||||0itac50 ba 101 | $ager 102 $abe 181 1$6z01$ai $bxxxe 182 1$6z01$an 200 1 $aUeber die Aehnlichkeit des inneren Wortes einiger neueren Mystiker mit dem moralischen Worte der Kantischen Schriftauslegung...$fvon Christoph Friedrich Ammon 205 $aRist. anast 210 $aBruxelles$cCulture et Civilisation$d1970 215 $a23 p.$d18 cm 225 | $aAetas kantiana 300 $a Ristampa anastatica dell'ed.: Gottingen, 1796 . 410 0$1001SBL0194895$12001 $aAetas kantiana 606 $aKant, Immanuel$xPensiero filosofico$xSaggi$2FIR$3RMLC300283$9I 676 $a193$9Filosofia occidentale moderna. Germania e Austria.$v22 700 1$aAmmon$b, Christoph Friedrich : von$3SBLV076007$4070$0220504 790 1$aAmmon$b, Christophorus Fridericus$3SBNV040943$zAmmon, Christoph Friedrich : von 801 3$aIT$bIT-01$c20121108 850 $aIT-FR0017 899 $aBiblioteca umanistica Giorgio Aprea$bFR0017 912 $aSBL0125374 950 0$aBiblioteca umanistica Giorgio Aprea$d 52AK 9$e 52MAG0000161875 VMN RS $fA $h20121108$i20121108 977 $a 52 996 $aUeber die Aehnlichkeit des inneren Wortes einiger neueren Mystiker mit dem moralischen Worte der Kantischen Schriftauslegung$9569059 997 $aUNICAS